| 000 | 00879cam a22002651 4500 | ||
|---|---|---|---|
| 001 | pa 65000130 | ||
| 003 | DLC | ||
| 005 | 20260227111857.0 | ||
| 008 | 960224s1964 dcu 000 0 spa | ||
| 010 | _apa 65000130 | ||
| 035 | _a(OCoLC)34261762 | ||
| 040 |
_aDLC _cOrPS _dOCoLC _dDLC |
||
| 042 | _apremarc | ||
| 043 |
_an-us--- _acl----- |
||
| 050 | 0 | 0 |
_aJX506 1957 _b no. 9 |
| 245 | 1 | 0 |
_aTratados y convenciones interamericanos; _bfirmas, ratificaciones y depósitos con notas explicativas. |
| 250 | _a[Rev.] | ||
| 260 |
_aWashington, _bUnión Panamericana, _c1964. |
||
| 300 |
_axi, 150 p. _c28 cm. |
||
| 490 | 1 |
_aSerie sobre tratados, _vno. 9 |
|
| 650 | 0 | _aPan-American treaties and conventions. | |
| 651 | 0 |
_aUnited States _xForeign relations _zLatin America. |
|
| 651 | 0 |
_aLatin America _xPolitics and government. |
|
| 830 | 0 |
_aSerie sobre derecho y tratados, _vno. 9. |
|
| 999 |
_c51573 _d51573 |
||